000 02273nam a2200565 i 4500
001 32769
003 KOSZ 005
005 20250518063457.0
008 200610s1997 pl a g f 100 0 pol
015 _aPB 1998/14339
020 _a8387424277
040 _aWA N
_cWA N
_dKOSZ 005/RW
041 1 _apol
_heng
045 _bd1918
_bd1989
046 _k1997
080 _a623(438)
245 0 0 _aPolska myśl techniczno-wojskowa 1918-1989 :
_bIV Krajowa Konferencja Naukowa, Koszalin, grudzień 1997 r. /
_credakcja naukowa Bogusław Polak, Tomasz Katafiasz ; [recenzenci: Tadeusz Kotłowski, Bernard Piotrowski].
260 _aKoszalin :
_bWydawnictwo Uczelniane Politechniki Koszalińskiej,
_c1997.
300 _a273 strony :
_bfaksy, fotografie, portrety, rysunki ;
_c24 cm.
336 _aTekst
_btxt
_2rdacontent
337 _aBez urządzenia pośredniczącego
_bn
_2rdamedia
338 _aWolumin
_bnc
_2rdacarrier
380 _aKsiążki
380 _aPublikacje naukowe
388 _a1901-2000
388 _a1989-2000
504 _aBibliografia na stronie 32, bibliografia prac Tadeusza Mariana Nowaka na stronach 18-23.
546 _aTekst częściowo tłumaczony z języka angielskiego.
600 1 4 _aNowak, Tadeusz Marian
_d(1917-2010)
648 7 _a1901-2000
648 7 _a1918-1939
648 7 _a1939-1945
648 7 _a1945-1989
650 7 _aTechnika
650 7 _aWojsko
651 7 _aPolska
655 7 _aKsięga pamiątkowa
655 7 _aMateriały konferencyjne
658 _aHistoria
658 _aBezpieczeństwo i wojskowość
658 _aInżynieria i technika
700 1 _aKatafiasz, Tomasz
_d(1955-2021)
_eRedakcja
700 1 _aPolak, Bogusław
_d(1945- )
_eRedakcja
700 1 _aKotłowski, Tadeusz
_d(1946- )
_eRecenzja
700 1 _aPiotrowski, Bernard
_d(1939-2015)
_eRecenzja
710 2 _aWydawnictwo Uczelniane (Politechnika Koszalińska)
_4pbl
856 _uhttp://dlibra.tu.koszalin.pl/dlibra/docmetadata?id=370&from=&dirids=1&ver_id=&lp=3&QI=
_yBiblioteka Cyfrowa
856 _uhttp://koha.tu.koszalin.pl/cgi-bin/koha/opac-detail.pl?biblionumber=32769
_yKatalog online BPK
942 _2UKD
_cKS
999 _c32769
_d32769